000 00756nam a2200217 i 4500
001 55685
003 ES-MaACL
005 20260301184634.0
007 t|
008 030925s1973 sp ||||1| spa d
100 1 _aDétrie, Philipe.
_943968
245 1 3 _aEl postoperatorio en la cirugía abdominal /
_cpor Philippe Détrie ; versión Agustín de la Fuente Perucho ; prólogo A. de la Fuente Chaos.
250 _a[1ª ed.].
260 _aBarcelona :
_bToray Masson,
_c[1973]
300 _aXVI, 622 p. :
_bil. ;
_c25 cm.
650 4 _aAbdomen-
_xCirugía.
_9146902
700 1 _aFuente Perucho, Agustín de la.
_952875
700 1 _aFuente Chaos, Alfonso de la,
_d1908-1988
_952864
852 _aES-MaACL
_jC-54712
_bR.87285
999 _c55685
_d55685